=LDR 00000nam 2200000 4500 =001 000656 =005 20250711013456 =035 ##$$a 0010-0725000524 =007 ta =008 250711################a##########0#ind## =020 ##$$a 987-623-118-880-9 =082 ##$$a 398. 290 598 =084 ##$$a 398. 290 598 TYA t =100 #$$a Tyas, Galuh Ayuning =245 1#$$a Tiwul Tomi /$c Galuh Ayuning Tyas =250 ##$$a Cetakan Pertama =260 ##$$a Jakarta :$b Badan Pengembangan dan Pembinaan Bahasa,$c 2022 =300 ##$$a 24 hlm. : $b Ilus. ; $c 29,7 cm =856 ##$$a TBM As-Suhada =990 ##$$a TBM04240424